[Event "Amsterdam Euwe Memorial"]
[Site "Amsterdam"]
[Date "1996.03.26"]
[Round "4"]
[White "Short, Nigel D"]
[Black "Kasparov, Garry"]
[Result "1/2-1/2"]
[WhiteElo "2665"]
[BlackElo "2775"]
[Annotator "Boensch,U"]
[PlyCount "86"]
[EventDate "1996.03.22"]
[EventType "tourn"]
[EventRounds "9"]
[EventCountry "NED"]
[EventCategory "18"]
[SourceTitle "CBM 052"]
[Source "ChessBase"]
[SourceDate "1996.06.01"]
[SourceVersion "1"]
[SourceVersionDate "1996.06.01"]
[SourceQuality "1"]

1. e4 {Ftacnik Cifuentes Romero} c5 2. Nf3 d6 3. d4 cxd4 4. Nxd4 Nf6 5. Nc3 a6
6. Bc4 {Romero: One more time.} e6 7. O-O Be7 8. Bb3 O-O 9. f4 Nc6 10. Be3 Nxd4
11. Bxd4 b5 12. e5 dxe5 13. fxe5 Ne8 {Romero: A little surprise. During the
world championship in London, Kasparov tested the known variation 13...Nd7 14.
Ne4 Bb7 15.Nd6 Bxd6 16.exd6 Qg5 18.Qe2. This position is very interesting
strategically speaking. The first time we saw Ne8 was in the game
Ehlvest-Dlugy, Mazatlan 1988, when black had good prospects to win the game.  
[#]} (13... Nd7 $6 14. Ne4 Bb7 15. Nd6 Bxd6 16. exd6 Qg5 17. Rf2 (17. Qe2 Rac8
$2 (17... a5 18. a4 b4 19. c4 bxc3 20. bxc3 Ra6 21. Rf2 Rxd6 22. Qb5 Qxb5 23.
axb5 $44 {1/2-1/2 Riemersma,L-Van der Wiel,J/NLD-ch (05) ;CBM 48 1995 (43)})
18. Rad1 Nc5 19. d7 $1 Nxd7 20. Bxg7 Kxg7 21. Rxd7 $16 {Wittmann,W-Boensch,U/
EUCup Gr6Clichy (2) (Graz-Bayern [5]) 1993/1/2-1/2 (72)}) 17... Bd5 (17... a5
18. a4 e5 19. Bc3 e4 20. Qf1 e3 21. Rxf7 Rxf7 22. Qxf7+ Kh8 23. g3 e2 24. Bd4
Qg4 25. Qf4 Qh3 26. Qf2 $16 {Almasi,I-Loginov,V/Kecskemet (11) 1993/1-0 (137)})
18. Qf1 Rac8 19. Rd1 Bxb3 20. axb3 e5 21. Bc3 Rc6 22. Qd3 Qg4 23. Re1 Qe6 24.
Qe4 {1/2-1/2 Mikhalchishin,A-Piket,Je/Lvov 1988}) 14. Ne4 (14. Qg4 {Ftacnik} b4
15. Ne4 a5 16. c3 a4 17. Bc2 Ba6 18. Rf3 {1/2-1/2 Pachmann,A-Cvek,R/CZE-chJM
U16 Svetla/1994/}) 14... Bb7 15. Qd3 Qc7 $146 {A new move. The bishop will
take the knight, but in better conditions. Ehlvest-Dlugy continued} (15... Bxe4
16. Qxe4 g6 17. a4 (17. Rad1 {Romero} Qc8 (17... Qc8 18. Qe3 Ng7 19. g4 h5 20.
h3 Rb8 21. c3 Rb7 22. Bc2 Rc7 23. Be4 Bc5 24. Rf6 Rd8 25. Rdf1 Bxd4 26. cxd4
Rdd7 $1 27. Qf2 Rc1 $1 $15 {1/2-1/2 Ehlvest,J-Dlugy,M /Mazatlan rapid 1988 (42)
})) 17... Ng7 18. g4 b4 19. Rad1 Qc7 20. Rd3 Rad8 21. Rfd1 $14 {Mortensen,
E-Fishbein,A/Herning 1991/1/2-1/2 (61)} (21. Rfd1 {Cifuentes} a5 22. Kg2 Rc8
23. Be3 Rfd8 24. Rxd8+ Rxd8 25. Rxd8+ Qxd8 26. Bc4 h5 27. h3 hxg4 28. hxg4 Qd1
29. b3 Ne8 30. Bb6 Bd8 31. Bf2 Bc7 32. Bb5 Qd8 33. Bd4 $14 {1/2-1/2, Mortensen,
E-Fishbein,A /Herning 1991 (61)})) 16. c3 Rd8 {The rook makes pressure against
the strong bishop of d4.} (16... Rc8 $1 {Cifuentes} 17. Bc2 Bxe4 18. Qxe4 g6
19. Rad1 Ng7 20. g4 Bc5 $13) (16... Bxe4 $1 {Ftacnik} 17. Qxe4 g6 $14) 17. Bc2
Bxe4 (17... Qc6 18. Rf2 (18. Qh3 $4 Rxd4 19. Nf6+ Nxf6 20. exf6 Rh4 $19) 18...
Qxe4 19. Qxe4 Bxe4 20. Bxe4 Nc7 21. Bb6 Rc8 22. Rd1 Rfd8 23. Rfd2 $16) (17...
g6 {Cifuentes} 18. Qe3 $1 $16) 18. Qxe4 g6 19. b4 $1 $16 {Ftacnik: Black can
not exchange the bishops and is left completely locked without counterplay.
Romero: A nice move to make, controlling black squares, and avoiding the swap
of bishops. The Bd4 incomunicate black forces. Verhindert B-Tausch und legt
den shwarzen b-P fest. Weiß kann an beiden Flügeln aktiv werden.} Ng7 20. g4 {
Romero: White weakness are not easy to exploit.} h5 {Romero: In my opinion a
mistake, because weakens g6 and the king rook cannot go out from f7. Probably
it was better} (20... a5 {Romero} 21. a3 Rd7 22. Rad1 Rc8 $5 {Romero: Now this
move is possible, creating tactical possibilities, and after Qd8.}) 21. h3 a5 (
21... f5 $2 {Cifuentes} 22. exf6 Qg3+ 23. Qg2 Qxg2+ 24. Kxg2 Bxf6 25. Bxg6 (25.
Bxf6 $1 Rd2+ 26. Kg3 Rxc2 27. Bd4 Re8 (27... Rxf1 28. Rxf1 Rxa2 29. Rf6 Re2 30.
Rxg6 e5 31. Kf3 Re1 32. Be3 $18) 28. Rfe1 $16) 25... Bxd4 26. cxd4 hxg4 27.
hxg4 Rxf1 28. Rxf1 Rxd4 29. Kg3 Rxb4 30. Bf7+ $5 (30. Rd1 Kf8 31. Rd7 Ra4 $1
32. Kh4 Rxa2 33. Kg5 Rf2 $1 34. Rd8+ Ke7 35. Rg8 Nf5 $10) 30... Kf8 $8 31.
Bxe6+ Ke8 32. Bb3 Rd4 $14) (21... Rd7) (21... hxg4 {Ftacnik} 22. hxg4 Bxb4 $5
23. cxb4 f5 24. Qd3 (24. gxf5 gxf5 25. Qd3 Rxd4 26. Qxd4 Qxc2 27. Rf2 $16)
24... Rxd4 25. Qxd4 Qxc2 26. Rf2 $16) 22. a3 Rd7 23. Rf3 {Romero: Defending g3
( and avoids problems with a future counterblow like f5 ) and pressing f7.} (
23. Rad1 $5 {Romero}) 23... Qd8 {xb4} (23... Rfd8 $2 {Romero} 24. Rxf7 Kxf7 25.
Qxg6+ Kg8 26. Qh7+) 24. Rb1 $6 Bg5 (24... h4 {Romero}) 25. Rbf1 axb4 26. axb4
Be7 {Romero: An incredible blow.} (26... h4 $16) 27. Rb1 $2 {Dieser Zug ist
völlig unverständlich, da die Drohung Bb4 unwichtig war. Gewonnen hätte:} (27.
gxh5 $1 Nxh5 (27... Bxb4 28. hxg6 fxg6 (28... Qg5+ 29. Kh1 Qxg6 30. Qe2 Qh5 31.
Rg1 $18) 29. Qxg6 Qh4 30. Rf6 Qh5 (30... Qxh3 31. cxb4 $18) 31. cxb4 Qxg6+ 32.
Bxg6 Rxf6 33. exf6 Rxd4 34. Rc1 $18) (27... Rxd4 28. cxd4 Nxh5 29. Bb3 $18 {
[%cal Rb3g8]}) (27... Nf5 28. hxg6 fxg6 29. Bb3 $18) 28. Rxf7 $3 Rxf7 29. Rxf7
Kxf7 30. Qxg6+ Kf8 31. Qh6+ (31. Qxh5 {Romero} Bxb4 $10) 31... Ng7 (31... Kf7
32. Bg6+ Kg8 33. Qh7+ Kf8 34. Qf7#) (31... Kg8 {Cifuentes} 32. Bh7+ $18) 32.
Bg6 $1 Bf6 (32... Bg5 33. Qh8+ Ke7 34. Qxg7#) 33. exf6 $18) 27... h4 28. Qe3 {
Romero: e3 and f2 are good squares for the white queen, supporting the bishop.}
Ne8 29. Be4 Nc7 30. Bc6 (30. Qd3 $1 {Ftacnik} Qb8 31. Bxg6 $18) 30... Nd5 31.
Qe4 $2 {Romero: Short, who manouvered very well until now, playing against the
weakness on b5, blunders, probably not taking into account the incredible
tactical resource that follows.} (31. Qf2 $16) (31. Qf2 {Romero} Rc7 32. Bxb5
Qc8 33. Rb3 $16 {Romero: There is not compensation.} (33. Qd2 $16 {Cifuentes})
33... Qb7 34. Bf1) 31... Nxc3 $3 $10 32. Bxc3 Qb6+ 33. Kg2 (33. Kh1 $1 {
Hier steht der weiße Monarch sicherer, da die gelegentlichen Schachs auf der
zweiten Reihe wegfallen.}) (33. Kh1 $1 Rc7 34. Ba8 Rc4 35. Qb7 Qd8 (35... Qxb7
36. Bxb7 Rb8 37. Ba6 Rb6 38. Ra1 Rcc6 $10) 36. Ra1 Rc8 37. Qxb5 Rxa8 38. Rxa8
Qxa8 39. Qe2 $15) (33. Kh1 {Ftacnik}) 33... Rc7 34. Ba8 Rc4 35. Qb7 Qxb7 (35...
Qd8 $1 {Stellt plötzlich Short noch vor Probleme. z.B.} 36. Rbf1 $1 (36. Qxb5
Rxc3 37. Rxc3 Qd2+ 38. Kh1 Qxc3 $15 (38... Qxc3 {Cifuentes} 39. Bg2 Rd8 $19)) (
36. Rb3 Rc8 $1 (36... Rc7 {Cifuentes} 37. Qb6 $1 Rxc3 38. Qxd8 Rc2+ 39. Rf2
Rxf2+ 40. Kxf2 Rxd8 41. Bc6 Rb8 $15) 37. Ra3 Rb8 $1 38. Qc6 Rxa8 39. Rxa8 Qxa8
40. Qxb5 Qe4 $1 $17) (36. Rc1 {Cifuentes} Bg5 37. Qxb5 Qc7 $17) (36. Be1 {
Cifuentes} Qxa8 37. Qxe7 Qa2+ $19) 36... Qxa8 (36... Rc7 {Cifuentes} 37. Qe4
Rxc3 38. Rxc3 Qd2+ $19) 37. Qxa8 Rxa8 38. Rxf7 Ra2+ 39. Kg1 (39. Kh1 {Ftacnik}
Rxc3 40. Rxe7 $15) 39... Rxc3 40. Rxe7 Rg3+ 41. Kh1 Rxh3+ 42. Kg1 Rg3+ 43. Kh1
Rxg4 44. Rff7 $10) 36. Bxb7 Rb8 37. Ba6 Rb6 38. Ra1 Rcc6 39. Bxb5 Rxb5 40. Ra8+
Kg7 41. Ra7 Kf8 42. Ra8+ Kg7 43. Ra7 Kf8 1/2-1/2

[Event "St Petersburg zt"]
[Site "St Petersburg"]
[Date "1993.??.??"]
[Round "5"]
[White "Yakovich, Yuri"]
[Black "Balashov, Yuri S"]
[Result "1-0"]
[WhiteElo "2510"]
[BlackElo "2545"]
[Annotator "Boensch,U"]
[PlyCount "41"]
[EventDate "1993.01.??"]
[EventType "swiss"]
[EventRounds "9"]
[EventCountry "RUS"]
[SourceTitle "CBM 034"]
[Source "ChessBase"]
[SourceDate "1993.06.01"]
[SourceVersion "1"]
[SourceVersionDate "1993.06.01"]
[SourceQuality "1"]

1. e4 c5 2. Nf3 Nc6 3. d4 cxd4 4. Nxd4 e6 5. Nc3 d6 6. Be3 Nf6 7. Bc4 Be7 8.
Bb3 a6 9. f4 O-O 10. Qf3 Qa5 $2 $146 (10... Nxd4 11. Bxd4 b5 12. a3 $146 (12.
e5 $13) (12. Bxf6 Bxf6 13. e5 Bh4+ 14. g3 Qb6 15. gxh4 dxe5 16. fxe5 Bb7 17.
Qf2 Qc7 18. Rf1 Qxe5+ 19. Qe2 Qd4 20. Qf2 Qe5+ 21. Qe2 Qd4 22. Qf2 {1/2
Michalek,J-Bagaturov,G Brno/Morava-C (02) 1991}) 12... Bb7 13. O-O-O a5 14.
Bxf6 Bxf6 15. Nxb5 a4 16. Rxd6 Qc8 17. Ba2 Qc5 $44 {Istratescu,A-Buturin,V
Bucharest 1992 -Inf.54/238}) (10... Na5 11. O-O-O Qc7 12. g4 b5 13. g5 Nxb3+
14. axb3 Nd7 15. f5 b4 16. Na4 Ne5 17. Qg2 Re8 18. h4 Bf8 $13 {Yakovich,
Y-Ionov,S URS-ch58 (05) 1991 1/2 33}) 11. O-O-O Nxd4 12. Rxd4 Bd7 13. g4 e5 14.
Nd5 $3 exd4 (14... Nxd5 15. Rxd5 Qc7 16. f5 $16) 15. Nxe7+ Kh8 16. Bxd4 Qd8 17.
g5 $1 Ne8 (17... Qxe7 18. gxf6 gxf6 19. Qc3 $18) 18. Nd5 Be6 19. Qh5 Rc8 (19...
Kg8 20. Nf6+ $18) 20. f5 Bxd5 21. g6 $3 (21. g6 fxg6 22. fxg6 Nf6 (22... h6 23.
Qxh6+ Kg8 24. Qh7#) 23. Bxf6 $18) 1-0

[Event "Oakham YM"]
[Site "Oakham"]
[Date "1992.??.??"]
[Round "1"]
[White "Mueller, Karsten"]
[Black "Cullip, Stephen"]
[Result "1-0"]
[WhiteElo "2460"]
[BlackElo "2320"]
[Annotator "Boensch,U"]
[PlyCount "51"]
[EventDate "1992.03.??"]
[EventType "swiss"]
[EventRounds "9"]
[EventCountry "ENG"]
[SourceTitle "CBM 030"]
[Source "ChessBase"]
[SourceDate "1992.10.01"]
[SourceVersion "1"]
[SourceVersionDate "1992.10.01"]
[SourceQuality "1"]

1. e4 c5 2. Nf3 e6 3. d4 cxd4 4. Nxd4 d6 5. Nc3 Be7 6. Bc4 Nf6 7. O-O O-O 8.
Bb3 Nc6 9. Be3 Nxd4 (9... Bd7 10. f4 Rc8 11. Qf3 Qa5 12. Nde2 Rfd8 13. Kh1 Qa6
14. f5 Ne5 15. Qg3 Kh8 16. fxe6 fxe6 17. Bd4 Ng6 18. Qd3 {1/2 Kindermann,
S-Lobron,E Munich (04) 1991}) 10. Bxd4 b5 11. Nxb5 Nxe4 $6 (11... Ba6 12. c4
Bxb5 13. cxb5 Nxe4 14. Qf3 Nf6 15. Qe2 Nd7 16. Qe3 Bf6 17. Bxa7 Qa5 18. b6 Bd8
19. Rad1 Nxb6 20. Bxb6 Bxb6 21. Qd2 d5 22. Qxa5 Rxa5 $10 {Fischer,R-Kortchnoi,
V Rovinj/Zagreb 1970 1/2 62 -Inf.9/356}) 12. c4 (12. Nxa7 Bb7 13. Nb5 e5 14.
Be3 d5 15. c3 Qd7 16. a4 $16 {Ciocaltea-Bilek Dresden 1956 -ECO}) 12... a6 13.
Bc2 Bb7 (13... axb5 14. Bxe4 Rb8 15. Ba7 $18) 14. Nc3 Nxc3 (14... d5 15. Nxe4
dxe4 16. Bc3 $14) 15. Bxc3 d5 16. Qg4 g6 17. Qd4 f6 18. Qe3 Qc8 (18... e5 19.
cxd5 Bxd5 20. Rfd1 $18) 19. Rfe1 e5 $2 (19... dxc4 $1 20. Qxe6+ Qxe6 21. Rxe6
Bc5 22. Rxf6 Rxf6 23. Bxf6 Bxf2+ 24. Kxf2 Rf8 $10) 20. cxd5 Bxd5 21. Rad1 Bc5
22. Qg3 Bf7 23. Rxe5 $3 Bxf2+ 24. Kxf2 fxe5 25. Qxe5 Bc4+ 26. Kg1 {Boensch} (
26. Kg1 Kf7 27. Qf6+ Ke8 28. Re1+ Kd7 29. Re7+ Kd8 30. Qd6+ $18) 1-0

[Event "Donner Memorial"]
[Site "Amsterdam"]
[Date "1996.08.24"]
[Round "7"]
[White "Morozevich, Alexander"]
[Black "De Firmian, Nick E"]
[Result "0-1"]
[WhiteElo "2610"]
[BlackElo "2575"]
[Annotator "Boensch,U"]
[PlyCount "65"]
[EventDate "1996.08.17"]
[EventType "tourn"]
[EventRounds "11"]
[EventCountry "NED"]
[EventCategory "16"]
[SourceTitle "CBM 055"]
[Source "ChessBase"]
[SourceDate "1996.12.01"]
[SourceVersion "1"]
[SourceVersionDate "1996.12.01"]
[SourceQuality "1"]

1. e4 {Psakhis} c5 2. Nf3 d6 3. d4 Nf6 4. Nc3 cxd4 5. Nxd4 a6 6. Bc4 e6 7. Bb3
Nc6 8. Be3 Be7 9. f4 O-O 10. Qf3 Nxd4 11. Bxd4 b5 12. Bxf6 $6 (12. e5 dxe5 13.
Bxe5 Ra7 $1 14. O-O Rd7 15. Rad1 Qb6+ 16. Kh1 Bb7 $10 {Soerensen-Sher/Hastings/
1989-90/}) 12... Bxf6 13. e5 Bh4+ 14. g3 Rb8 (14... Qb6 15. gxh4 dxe5 16. fxe5
Bb7 17. Qf2 Qc7 18. Rf1 Qxe5+ 19. Qe2 Qd4 20. Qf2 Qe5+ 21. Qe2 Qd4 {Michalek,
J-Bagaturov,G/Brno/Morava-C (02)/1991/0.5 (22)}) 15. O-O-O $2 (15. gxh4 Bb7 16.
Ne4 dxe5 (16... Qxh4+ 17. Qg3 Qxg3+ 18. Nxg3 Bxh1 19. Nxh1 dxe5 20. fxe5 {
Votava,J-Rotman,D/Rishon Le Zion/1993/} Rfd8 21. Nf2 $1 $16) 17. Rg1 g6 (17...
Qxh4+ 18. Qg3 Qxg3+ 19. Nxg3 exf4 20. Nh5 $16) (17... Qd4 18. Nf6+ Kh8 19. Qg3
g6 20. fxe5 Qxb2 21. Rd1 $16) 18. Rd1 Bxe4 (18... Qxh4+ 19. Qf2 Qxf2+ 20. Nxf2
exf4 21. Nd3 $16) 19. Qxe4 Qxh4+ $10 {1/2-1/2 Short,N-Kasparov,G (12)/PCA-Wch 
(London) 1993 (40)}) (15. Rf1 $2 Be7 16. O-O-O a5 17. exd6 Bxd6 18. f5 (18. Ne4
$1 $14 {Psakhis}) 18... a4 $17 {0-1 Morozevich,A-San Segundo,P/Madrid (09) ;
CBM 53 1996 (47) Morozevich,A-San Segundo,P/Madrid/1996/0:1/47/}) 15... Be7 (
15... Bb7 16. Ne4 Bxe4 17. Qxe4 d5 18. Qd3 Be7 19. h4 {Morozevich,A-Mitenkov,A/
Moscow/1991/} Qa5 20. f5 b4 21. Qf3 Kh8 22. f6 $16 {Morozevich-Mitenkov/Moscow/
1991/}) 16. Rhe1 $146 {N/} (16. exd6 Bxd6 17. Ne4 Bb7 18. Rhe1 a5 19. Qg4 (19.
Bxe6 fxe6 20. Qg4 Bd5 21. Ng5 Rb6 22. Kb1 Qc8 23. h4 Bc5 24. Qe2 $19 {Hmadi,
S-De Firmian,N/Tunis izt/1985/0-1 (27)}) 19... Bxe4 20. Rxe4 Rb6 {Mitkov,
N-Alvarez,J/Capablanca-B/1995/1:0/61/} 21. Red4 Qe7 $17 {Mitkov,N-Alvarez,J/
Capablanca mem-B (13) ;EXP 47 1995/1-0 (61)}) 16... d5 {Weiß ist praktisch
gezwungen auf d5 zu opfern.} 17. f5 (17. Ne2 a5 $15) 17... Kh8 18. h4 (18. Ne2
$5 {Psakhis} a5 19. Nd4 (19. c3) 19... Bd7 20. c3 $132) 18... a5 19. f6 (19.
Nxd5 {Psakhis} exd5 20. Bxd5 Qb6) (19. Bxd5 {Psakhis} exd5 20. Nxd5 Bb7 21. f6
gxf6 22. exf6 Bb4 $17) 19... gxf6 20. exf6 Bxf6 21. Nxd5 (21. Ne4 {Psakhis} Bg7
22. Qh5 f6 23. c3 Qc7 $19) (21. Rf1 Bg7) 21... exd5 22. Rxd5 Qb6 $19 (22... Bb7
$2 23. Rxd8 Bxf3 24. Rxf8+ Rxf8 25. Rf1 a4 26. Rxf3 axb3 27. Rxf6 bxa2 28. Ra6
$14) 23. c3 (23. Qd3 Bg7 24. Rd6 Qc5 25. Rd5 Qc7 $19) 23... Bg7 24. Bc2 f5 25.
Qd3 b4 {[%cal Rg7b2]} 26. Rd6 Qc7 27. c4 Rb6 28. Rd5 Rg6 (28... Rc6 $5 {Psakhis
} 29. b3 Be6) 29. c5 Rxg3 30. Qb5 Qf4+ 31. Kb1 Qxh4 32. Qxa5 Ra3 $1 33. bxa3 (
33. bxa3 {Psakhis} Qxe1+ 34. Rd1 Qc3) 0-1